Представление документа в формате RUSMARC

ПолеНазваниеЗначение
  Тип записи a
  Библиографический уровень m
001 Контрольный номер UONB/MAIN/137c11792d3948b9b141de6b120121bd
005 Дата корректировки 20240418092240.6
010 Индекс ISBN __
b Уточнения в пер.
d Цена 1 р. 28 к.
9 Тираж 1400 экз.
100 Данные общей обработки __
a Данные общей обработки 20240418 1968 u y0rusy0189## ca
101 Язык документа 0_
a Язык текста rus
102 Страна публикации __
a Страна публикации RU
105 Кодированные данные (монография) __
a Кодированные данные (монография) a z 001yy
200 Заглавие и сведения об ответственности 1_
a Заглавие Химия и физика нитридов
e Сведения, относящиеся к заглавию доклады семинара
g Последующие сведения об ответственности ред. Г.В. Самсонов и др.
203 Вид содержания и тип средства __
a Вид содержания Текст
b Характеристика содержания визуальный
c Тип средства непосредственный
210 Выходные данные 1_
a Место издания Киев
c Издательство Наукова думка
d Дата издания 1968
215 Физическое описание __
a Объем 180 с.
c Иллюстрации/тип воспроизводства ил.
d Формат 22 см
225 Серия 1_
a Серия АН УССР
f Сведения об ответственности Ин-т проблем материаловедения
320 Библиография __
a Библиография Библиогр. в конце докл.
606 Тематические рубрики 0_
a Основная рубрика Нитриды
x Основная подрубрика Физико-химические свойства
610 Ключевые слова 0_
a Ключевые слова нитриды
610 Ключевые слова 0_
a Ключевые слова физико-химические свойства
675 Индекс УДК __
a Индекс УДК 6П3
686 Индексы других классификаций __
a Классификационный индекс 34
2 Код системы rubbk
702 Вторичная интеллектуальная ответственность _1
a Фамилия Самсонов
b Имя (инициалы) Г.В.
g Полное личное имя Григорий Валентинович
4 Код отношения 340
801 Источник записи _0
a Страна RU
b Организация Ульяновская ОНБ
c Дата составления 20240418
g Правила каталогизации RCR
801 Источник записи _1
a Страна RU
b Организация Ульяновская ОНБ
c Дата составления 20240418
g Правила каталогизации RCR
901 Тип документа __
t Тип документа m
909 Создатель записи __
a Создатель записи Аверьянова
b Дата создания записи 20240418